000
00308nam a22001217a 4500
003
OSt
005
20170105103446.0
008
131203t xxu||||| |||| 00| 0 eng d
020
_a
0340885602
040
_c
ASAB
245
_a
Topley & Wilson's Microbiology & Microbial Infections Cumulative Index
942
_2
ddc
_c
BK
999
_c
16638
_d
16638